History Quiz

Random History or Biography Quiz

Historical Events Missing a Letter Quiz Stats

 Plays Quiz Updated Oct 21, 2018

Score 0/18 Timer 05:00
16 Plays Today
% Correct
Attack on Pear Harbor
95.5%
Salem Itch Trials
94.9%
The Moo Landing
93.8%
Great Fir of London
93.7%
The Boson Tea Party
93.5%
The Cod War
93.4%
Black Tuesday Sock Market Crash
92.6%
California God Rush
92.3%
Word War I
91.8%
% Correct
The Dust Owl
91.3%
Lewis and Lark Expedition
90.6%
The Industrial Evolution
87.6%
The Treat of Paris
86.8%
Taping Rebellion
86.8%
Geek Civil War
84.5%
The Sack of Toy
83.6%
Hundred Ears War
80.4%
Reign of Error
80%

You're not logged in!

Compare scores with friends on all Sporcle quizzes.
OR
Log In

Sporcle TV

Today on Sporcle TV


Watch our educational content, quiz creation guides, and fun videos on Sporcle TV.

Show Comments

Extras

Top Quizzes Today


Score Distribution

Your Account Isn't Verified!

In order to create a playlist on Sporcle, you need to verify the email address you used during registration. Go to your Sporcle Settings to finish the process.

Report this User

Report this user for behavior that violates our Community Guidelines.

Details: